000 00881nam a2200265Ia 4500
003 OSt
005 20220923211452.0
006 a|||||r|||| 00| 0
007 ta
008 220922b |||||||| |||| 00| 0 hin d
020 _a9789350722091 (hbk)
_c200
024 _a273,612
037 _b96, 05/09/2013, Vani Prakashan
_cTextual
040 _aARTS
_cARTS
_bhin
041 _2hin
_ahin
082 _aO152,3N40,HI, Q2
100 _aकोहली, नरेन्द्र
245 0 _aहिडिम्बा
246 _aHiḍimbā
260 _aदिल्ली
_b वाणी प्रकाशन
_c2012
300 _a95पृ.
_ccm.
650 _aहिन्दी साहित्य
_9156264
942 _hO152,3N40,HI, Q2
_cTEXL
_2CC
999 _c299839
_d299839